MARC

Tag First Indicator Second Indicator Subfields
LEADER 00000cam a2200000 a 4500
001 in00002776813
005 20211120170158.0
006 m o d f
007 cr bn|||||||||
008 121011s1978 mdua ob f000 0 eng c
027 |a CAS no. 120-62-7 
035 |a (OCoLC)ocn812542190 
040 |a GPO  |c GPO  |d OCLCO  |d OCLCQ  |d GPO  |d MvI  |d UtOrBLW 
042 |a pcc 
049 |a WWW 
074 |a 0507-G-12 (online) 
086 0 |a HE 20.3159/2:124 
088 |a NCI-CG-TR-124 
245 0 0 |a Bioassay of piperonyl sulfoxide for possible carcinogenicity /  |c Carcinogenesis Testing Program, Division of Cancer Cause and Prevention, National Cancer Institute, National Institutes of Health. 
264 1 |a Bethesda, Md. :  |b U.S. Dept. of Health, Education, and Welfare, Public Health Service, National Institutes of Health,  |c 1978. 
300 |a 1 online resouce (xii, 113 pages) :  |b illustrations 
336 |a text  |b txt  |2 rdacontent 
337 |a computer  |b c  |2 rdamedia 
338 |a online resource  |b cr  |2 rdacarrier 
490 1 |a Carcinogenesis technical report series ;  |v no. 124 
490 1 |a DHEW publication ;  |v no. (NIH) 79-1379 
500 |a Title from title screen (viewed on Oct. 11, 2012). 
500 |a "This bioassay of piperonyl sulfoxide was conducted by Frederick Cancer Research Center (FCRC)." 
500 |a "CAS number 120-62-7." 
500 |a "NCI-CG-TR-124." 
504 |a Includes bibliographical references (pages 47-49). 
500 |a Electronic resource. 
650 0 |a Carcinogens. 
650 0 |a Insecticides  |x Toxicology. 
710 2 |a National Cancer Institute (U.S.).  |b Division of Cancer Cause and Prevention. 
710 2 |a Carcinogenesis Testing Program (U.S.) 
710 2 |a National Institutes of Health (U.S.) 
710 2 |a Frederick Cancer Research Center. 
776 0 8 |i Print version:  |a National Cancer Institute (U.S.). Division of Cancer Cause and Prevention.  |t Bioassay of piperonyl sulfoxide for possible carcinogenicity  |w (OCoLC)4401529 
830 0 |a National Cancer Institute carcinogenesis technical report series ;  |v no. 124. 
830 0 |a DHEW publication ;  |v no. (NIH) 79-1379. 
856 4 0 |u https://purl.fdlp.gov/GPO/gpo29667  |t 0 
999 |a MARS 
999 f f |s 77474d4d-9f85-38ed-a9bc-ee088617cb28  |i 48c51f2e-1b1b-37b9-8653-111e14a0d127  |t 0 
952 f f |a Texas A&M University  |b College Station  |c Electronic Resources  |d Available Online  |t 0  |e HE 20.3159/2:124  |h Superintendent of Documents classification 
998 f f |a HE 20.3159/2:124  |t 0  |l Available Online